000 00358nam a2200133Ia 4500
008 151001s9999||||xx |||||||||||||| ||und||
100 _aसुरेशचंद्र नाडकर्णी
245 _aक्रिडा ज्ञानकोश
250 _a2
260 _bक्ष
260 _c1999
300 _a846
365 _b21
999 _c980987
_d980984